Europäische Geschichte nach Buchstabe - L - Statistiken

Allgemein
  • Dieses Quiz wurde 61 mal gespielt
  • Das Durchschnittsergebnis liegt bei 11 aus 20
Antwortstatistiken
Hinweis Antwort % Korrekt
Anführer der Bolschewiki im Russischen Bürgerkrieg und erster Regierungschef der Sowjetunion Vladimir Lenin
98%
Diese Stadt war um 1900 wichtiges Zentrum des Welthandels und größte Stadt der Welt London
90%
Dieser französische König ließ Schloss Versailles erbauen und wurde auch der Sonnenkönig genannt Louis XIV
88%
Diese Sprache verbreitete sich mit der Ausbreitung des Römischen Reiches in weite Teile Europas Latein
82%
Diese Blume fand sich auf dem Wappen der Könige von Frankreich Lilie
80%
Germanischer Stamm, welcher sich zur Völkerwanderung in Italien niederließ und der Region um Mailand seinen Namen gab Langobarden
73%
Römische Militäreinheit mit 3-6 Tausend Soldaten Legion
71%
Dieser Staat war im Spätmittelalter zeitweise der flächenmäßig größte Staat Europas, bevor er in einer Union mit Polen aufging Litauen
69%
Bei dieser sächsischen Stadt fand die Vielvölkerschlacht statt, bei der eine internationale Allianz Napoleon schlagen konnte Leipzig
65%
Beiname des Kreuzfahrerkönigs Richard I von England Löwenherz
65%
Kaisergeschlecht des 14. und 15. Jahrhunderts und Staat, der 1890 von den Niederlande unabhängig wurde Luxemburg
63%
Diese Stadt war um 1500 wichtiger Hafen des Handels mit Asien und wurde 1755 bei einem Erdbeben stark zerstört Lissabon
57%
Papst des 5. Jahrhunderts, der das Konzil von Chalcedon leitete und Atilla davon abgehalten haben soll, Italien zu plündern Leo I
51%
Andere Bezeichnung für das Mittelfrankenreich und dem historischen Zankapfel zwischen Deutschland und Frankreich Lothringen
39%
Diese Brüder gelten mit der Erfindung des Cinematographen als die Erfindern des Films Lumiere
29%
Diese Fernkampfwaffe war entscheidend beim englischen Sieg der Schlacht von Agincourt im Hundertjährigen Krieg Langbogen
27%
Einer der Anführer der Novemberrevolution und des Spartakusaufstandes, der 1919 durch ein Freicorps ermordet wurde Karl Liebknecht
22%
Deutsche Söldner des 15. und 16. Jahrhunderts, die insbesondere im Dienste von Kaiser Maximilian von Habsburg kämpften Landsknechte
16%
Bezeichnung für die Anhänger des englischen Reformators John Wycliff Lollarden
2%
Bezeichnung für britische Maschinenstürmer der Frühindustrialisierung Ludditen
2%
Keine übereinstimmenden Quizze gefunden
Verteilung der Resultate
Anzahl Personen mit jedem Resultat
Perzentil nach korrekt beantworteten Fragen
Ihre Resultats-Entwicklung
Sie haben dieses Quiz noch nicht gespielt